Statistics for Chemical elements in polish to symbols

Click here to take the quiz!

General Stats

  • This quiz has been taken 25 times
  • The average score is 23 of 29

Answer Stats

QuestionAnswer% Correct
wegielC
96%
wapnCa
96%
potasK
96%
tlenO
96%
zelazoFe
92%
kzemSi
92%
arsenAs
88%
chlorCl
88%
chromCr
88%
miedzCu
88%
wodórH
88%
nikielNi
88%
glinAl
84%
bromBr
84%
magnezMg
84%
azotN
84%
sódNa
84%
olówPb
84%
siarkaS
84%
jodI
80%
srebroAg
76%
rtecHg
76%
manganMn
76%
barBa
68%
bizmutBi
68%
fosforP
68%
cynkZn
56%
cynaSn
52%
antymonSb
24%

Score Distribution

Percentile by Number Answered

Percent of People with Each Score

Your Score History

You have not taken this quiz